Európska sociálna charta

Zameranie piatich častí dokumentu Európska sociálna charta. 1. Charakteristika dokumentu. 2. Vecný obsah Európskej sociálnej charty (ESCH). 3. Kontrolný systém. 4. Revitalizácia Európskej sociálnej charty. 5. Doterajší postup prác pri príprave ratifikácie Európskej sociálnej charty.

Enregistré dans:
Détails bibliographiques
Auteur principal: Herec, O.
Format: Chapitre de livre
Langue:slovaque
Sujets:
Tags: Ajouter un tag
Pas de tags, Soyez le premier à ajouter un tag!

MARC

LEADER 00000naa a2200000 4500
001 r017436
005 20221205102550.2
041 0 |a slo 
044 |a SK 
245 1 0 |a Európska sociálna charta  |c O. Herec 
520 |a Zameranie piatich častí dokumentu Európska sociálna charta. 1. Charakteristika dokumentu. 2. Vecný obsah Európskej sociálnej charty (ESCH). 3. Kontrolný systém. 4. Revitalizácia Európskej sociálnej charty. 5. Doterajší postup prác pri príprave ratifikácie Európskej sociálnej charty. 
610 2 0 |a práva ľudské 
610 2 0 |a dokumenty 
610 2 0 |a právo sociálne 
610 2 0 |a charta 
610 2 0 |a Európska sociálna charta 
610 2 0 |a Slovensko 
100 1 |a Herec, O.